000 00598cam a22002053a 4500
001 42374
003 PGUSA
005 20140828083947.0
008 130319s2013||||xxu|||||s|||||000 | eng d
040 _aPGUSA
_beng
042 _adc
100 1 _aFreeman, Lewis R.
_q(Lewis Ransome),
_d1878-1960
245 1 0 _aTo Kiel in the 'Hercules'
_h[electronic resource] /
_cLewis R. Freeman
260 _bProject Gutenberg,
_c2013
506 _aPublic domain in the USA.
516 _aElectronic text
830 0 _aProject Gutenberg
_v42374
856 4 0 _uhttp://www.gutenberg.org/ebooks/42374
942 _cEB
999 _c271626
_d271626